| 000 | 01053cam a22003377a 4500 | ||
|---|---|---|---|
| 003 | CHAP | ||
| 005 | 20220329140510.0 | ||
| 008 | 971013s1984 r 00010 d | ||
| 010 | _a52891 | ||
| 011 | _a53863 | ||
| 035 | _a58013 | ||
| 040 | _cCHAP | ||
| 082 |
_a321.4 _bW3 |
||
| 100 | 0 | 0 |
_aWaiss, Oscar. _9120815 |
| 245 | 1 | 3 | _aEl cambio en España y en América Latina |
| 260 |
_aMadrid : _bEdiciones Cultura Hispánica, _c1984 |
||
| 300 | _a254 p. | ||
| 590 |
_aBATCH-UPD _b10 _c20130110 _lUCH01 _h0319 |
||
| 590 |
_aBATCH-UPD _b10 _c20130110 _lUCH01 _h1931 |
||
| 590 |
_aBATCH-UPD _b10 _c20130409 _lUCH01 _h2352 |
||
| 590 |
_aBATCH-UPD _b10 _c20130914 _lUCH01 _h0823 |
||
| 590 |
_aCONVERSION _b10 _c20130109 _lUCH01 _h1329 |
||
| 650 | 1 | 4 |
_aAmerica Latina _xPolitica y gobierno. _95404 |
| 650 | 1 | 4 |
_aCambio social. _917787 |
| 650 | 1 | 4 |
_aDemocracia. _931740 |
| 650 | 1 | 4 |
_aEspaña _xPolítica y gobierno. _937703 |
| 650 | 1 | 4 |
_aSocialismo. _9108040 |
| 901 | _aBK | ||
| 942 | _cLIBRO | ||
| 949 |
_a321.4 W3 _bBC _cLIBRO _d33724000040614 _eLIBRO _h89821 _i58013 _si |
||
| 999 |
_c52891 _d52891 |
||